Conquêtes de Philippe-le-Bel - Statistiques

Statistiques générales
  • Ce quiz a été pris 14 fois
  • Le résultat moyen est 4 sur 7
Statistiques - réponses
Question Réponse % Correct
11 juillet 1302 Bataille de Courtrai
92%
Traité de Paris 1303
75%
18 août 1304 Bataille de Mons-en-Pévèle
75%
Rattachement de Lyon au royaume de France 1312
58%
18 mai 1302 Matines de Bruges
58%
23 juin 1305 Traité d'Athis
42%
Guerre de Guyenne 1294-1303
25%
Aucun quiz correspondant
Distribution des résultats
% des personnes avec chaque résultat
Percentile par nombre de réponses
Votre historique - résultats
Vous n’avez pas pris ce quiz